|
|
|
|
| LEADER |
00955nab#a2200313#ar4500 |
| 001 |
000074601 |
| 003 |
SVKKK |
| 005 |
20050120xxxxxxx. |
| 008 |
06 c xo huno |
| FMT |
|
|
|
| 038 |
|
|
|a SVKKK
|
| 040 |
|
|
|a SVKKK
|b slo
|e AACR2
|
| 041 |
0 |
|
|a hun
|
| 044 |
|
|
|a xo
|c SK
|
| 080 |
|
|
|a 377
|
| 100 |
1 |
|
|a Cseh, Alex
|4 aut
|
| 242 |
1 |
0 |
|a Oznam
|
| 245 |
1 |
0 |
|a Értesités
|c Alex Cseh
|
| 500 |
|
|
|a mikrofilm
|
| 520 |
2 |
|
|a Oznam o zápise do školy pre školský rok 1914/1915. Vyššia obchodná škola v Humennom a učňovská škola v Huemnnom budú mať zápis v dňoch 9.-11.septembra 1914. Sankcionovanie za omeškanie.
|
| 650 |
0 |
4 |
|a vyššia obchodná škola, Humenné - učňovská škola, Humenné - zápisy - 9.-11.09.1914 - oznam
|
| 773 |
0 |
|
|t Felvidéki Hirlap
|g Roč. 7, č. 34 (06.09.1914) s. 3
|
| 957 |
|
|
|a Humenné
|
| 958 |
|
|
|a DG
|
| 958 |
|
|
|a SK
|
| 974 |
|
|
|a Ba
|d 20050120
|
| 992 |
|
|
|a RBX
|
| BAS |
|
|
|
| 998 |
|
|
|a RETRO
|